Arte romano /

Guardado en:
Autor Principal: García y Bellido, Antonio.
Formato: Libro
Idioma:Spanish
Publicado: Madrid : Blass, 1955.
Etiquetas: Agregar Etiqueta
Sin Etiquetas, Sea el primero en etiquetar este registro!
LEADER 00435nam a22001455a 4500
001 EUN.um040256
003 AR-BaUNS
005 20050623122911.0
008 041125s1955####sp#a##########000#0#spa#d
245 1 0 |a Arte romano /  |c Antonio García y Bellido. 
260 |a Madrid :  |b Blass,  |c 1955. 
300 |a 635 p. :  |b ilus. ;  |c 28 cm. 
100 1 |a García y Bellido, Antonio. 
082 0 4 |a 709.01 
859 |a Ar-BaUNS  |b BIB. CENTRAL - Sector C  |h 709.01  |i G165  |p 1726/962